|
|
|
|
| LEADER |
00000nam0a2200000 4500 |
| 001 |
64014 |
| 005 |
20250225063226.0 |
| 035 |
|
|
|a (RuTPU)RU\TPU\book\67923
|
| 090 |
|
|
|a 64014
|
| 100 |
|
|
|a 20040524d2005 m y0rusy50 ca
|
| 101 |
0 |
|
|a rus
|
| 102 |
|
|
|a RU
|
| 105 |
|
|
|a y j 001zy
|
| 200 |
1 |
|
|a Основы туризмоведения
|e курс лекций
|f П. А. Окишев
|g Томский государственный университет
|
| 210 |
|
|
|a Томск
|c Изд-во ТГУ
|d 2005
|
| 215 |
|
|
|a 224 с.
|
| 320 |
|
|
|a Библиогр.: с. 183.
|
| 330 |
|
|
|a Курс лекций раскрывает сущность туризма, его основные социально-экономические категории, роль туризма в современном мире, состояние и проблемы развития туризма, туристские ресурсы, виды туризма, его организационные формы. Предназначено для студентов, специализирующихся для работы в сфере туризма.
|
| 606 |
1 |
|
|a Туризм
|x Экономика
|2 stltpush
|3 (RuTPU)RU\TPU\subj\53770
|9 71935
|
| 610 |
1 |
|
|a туризм
|
| 610 |
1 |
|
|a туризмоведение
|
| 610 |
1 |
|
|a туристическая деятельность
|
| 610 |
1 |
|
|a теория
|
| 610 |
1 |
|
|a история
|
| 610 |
1 |
|
|a туристические услуги
|
| 610 |
1 |
|
|a туристические ресурсы
|
| 610 |
1 |
|
|a организационные формы
|
| 610 |
1 |
|
|a международные организации
|
| 610 |
1 |
|
|a учебные пособия
|
| 686 |
|
|
|a У9(2)43я73
|v LBC/SL-A
|2 rubbk
|
| 700 |
|
1 |
|a Окишев
|b П. А.
|
| 712 |
0 |
2 |
|a Томский государственный университет
|c 1917-2009
|7 ca
|8 rus
|2 stltpush
|3 (RuTPU)RU\TPU\col\397
|9 23396
|
| 801 |
|
1 |
|a RU
|b 63413507
|c 20040524
|g PSBO
|
| 801 |
|
2 |
|a RU
|b 63413507
|c 20211214
|g PSBO
|
| 900 |
|
|
|a Туристское ресурсоведение
|
| 942 |
|
|
|c BK
|